| 000 | 00672nam a22002177a 4500 | ||
|---|---|---|---|
| 999 |
_c9682 _d9682 |
||
| 003 | AR-CdUCM | ||
| 008 | 190328b ||||| |||| 00| 0 por d | ||
| 040 |
_aMUNICIPALIDAD PROVINCIAL DEL CUSCO _cBIBLIOTECA MUNICIPAL DEL CUSCO |
||
| 082 |
_a868.94 / _bCH27M / 1947 |
||
| 100 |
_aChaves, Hélio _911487 |
||
| 245 |
_aMiragens : _bSonetos / |
||
| 260 |
_aRio de Janeiro : _bPongetti, _c1947. |
||
| 300 |
_a118 páginas ; _c19 cm. |
||
| 500 | _aCon dedicatoria a Luis Nieto -- Donación de la familia Nieto | ||
| 505 | _aContenido : Poesía | ||
| 650 |
_aPoesía _9444 |
||
| 650 |
_aLiteratura _9416 |
||
| 650 |
_aBrasil _91261 |
||
| 942 |
_2ddc _cLIBROS |
||
| 945 | _admma | ||